| 000 | 03003nam0a22004331 4500 | ||
|---|---|---|---|
| 001 | RU\NLR\UK\1755 | ||
| 005 | 20260408064835.0 | ||
| 035 | _a(NLR Aleph) 009799549 | ||
| 090 |
_a10168977 _c10168977 |
||
| 100 | _a20260120 rusy50 | ||
| 101 | 0 | _arus | |
| 102 | _aRU | ||
| 135 | _acrbn 001aaaba | ||
| 200 | 1 |
_a[О назначении срока для явки беглых разного звания людей в пределы России до 1 сентября 1760 года, и о наказании ослушников сего милостивого указа] _f[Манифест Елизаветы Петровны от 16 окт. 1758 г.] |
|
| 210 |
_a[Москва _cСенат. тип.] _d11 нояб. 1758 |
||
| 215 |
_a[1] л. _d2° |
||
| 304 | _aТекст начинается словами: Божиею милостию мы Елисавет Первая императрица и самодержица всероссииская. И прочая, и прочая, и прочая. Понеже как довольно известно, наши природные подданные великороссийские и малороссийские разнаго звания люди... | ||
| 304 | _aНазв. указа дано по ПСЗ. | ||
| 306 | _aПод от М.П.: Печатан в Санктпетербурге при Сенате октября 16, а в Москве в Сенатскои типографии, ноября 11 чисел, 1758 года | ||
| 321 | 1 | _aПСЗ. Т.15. 10889 | |
| 325 | _aКопия доступна в Электрон. б-ке РНБ http://vivaldi.nlr.ru/lk000007060/view | ||
| 517 | 1 | _aБожиею милостию мы Елисавет Первая императрица и самодержица всероссииская. И прочая, и прочая, и прочая. Понеже как довольно известно, наши природные подданные великороссийские и малороссийские разнаго звания люди | |
| 620 | _dМосква | ||
| 702 | 0 |
_4720 _8rus _7ca _aЕлизавета Петровна _cимператрица российская _f1709-1762 _3RU\NLR\AUTH\778655 _9118551 |
|
| 710 | 0 | 1 |
_aРоссия _bИмператрица _c1741-1762; Елизавета Петровна _3RU\NLR\AUTH\8810042736 _9584915 |
| 712 | 0 | 2 |
_aСенатская типография _cМосква _4610 |
| 801 | 0 |
_aRU _bNLR _c20030129 |
|
| 852 |
_aNLR _j123/143 |
||
| 856 | 0 | _uhttp://vivaldi.nlr.ru/lk000007060/view | |
| 856 | 1 | _uhttp://vivaldi.nlr.ru/lk000007060/cover | |
| 856 | 2 | _uhttp://vivaldi.nlr.ru/lk000007060/text | |
| 942 | _cBOOK | ||
| 980 | _aNB | ||
| 980 | _aA1XVIIIv | ||
| 980 | _aA1UKAZ | ||
| 981 | 3 | 6 | _a(36) Цифровой репозиторий РНБ |
| 981 | 1 | 6 | _a(16) Законодательные акты Российской империи |